Jak ich nazywamy w rodzinie? - Statystyki

Ogólne statystyki
  • Ten quiz został rozwiązany 1 546 razy
  • Średni wynik to 6 z 13
Statystyki odpowiedzi
Pytanie Odpowiedź % Poprawnych
Syn mojej ciotki to dla mnie : Kuzyn
94%
Ojciec żony : Teść
75%
Matka żony : Teściowa
73%
Syn siostry : Siostrzeniec
65%
Brat ojca to : Stryj
64%
Córka brata : Bratanica
60%
Matka mojej babki to : Prababka
60%
Mąż córki : Zięć
58%
Szwagier to : Mąż siostry
53%
Synowiec to : Syn brata
6%
Zełwa to : Siostra męża
3%
Pasierb to : Przybrany syn żony
1%
Dziadek cioteczny to : Wuj matki
1%
Nie znaleziono quizów pasujących do podanych kryteriów
Rozkład punktacji
Procent ludzi z każdym wynikiem
Percentyl według liczby udzielonych odpowiedzi
Twoja historia wyników
Nie rozwiązałeś tego quizu